000 00261nam a2200109Ia 4500
008 220624s9999 xx 000 0 und d
020 _a978-1-845093-95-6
082 _a636.1089OBER
100 _aOBEREM,PAMELA
245 0 _aPERDE DONKIES EN MUILE
942 _cBK
_w561
_xJohn Tresidder
_y561
_zJohn Tresidder
999 _c686258
_d686257